000 00618nam a2200217Ia 4500
003 OSt
005 20230605102830.0
008 210423s2016 xx 000 0 und d
020 _a978-93-83662-25-8
040 _cAL
041 _aeng
082 _a362.7 JAGS
100 _aJAGADISH (B)
_9119477
245 _aSocial work and child rights: a situation analysis
260 _aJaipur
_bprateeksha Publications
_c2016
300 _ax,222
_bHB
365 _b995
_cINR
650 _aSocial Welfare Problems & Services
_9119478
906 _aanalysis ; child ; rights: ; situation ; Social ; work
942 _2ddc
_cBK
999 _c176593
_d176593